000
00309nam a2200133Ia 4500
100
_a
Harrington/Steven
942
_c
BK
654
_a
Computer Graphics
245
_a
Computer Graphics A Programming Approach
260
_b
McGraw Hill
_a
Auckland
_c
1983
082
_a
1.5
300
_a
448
546
_a
ENGLISH
999
_c
26599
_d
26599